Vplyv vybraných foriem podpory podnikania na výsledky činnosti malých a stredných podnikov v SR dizertačná práca

Gespeichert in:
Bibliographische Detailangaben
1. Verfasser: Kinčáková, Michaela
Körperschaft: Fakulta podnikového manažmentu EU. Katedra podnikovohospodárska
Weitere Verfasser: Šúbertová, Elena
Format: Buch
Sprache:Slowakisch
Veröffentlicht: Bratislava 2014
Schlagworte:
Tags: Tag hinzufügen
Keine Tags, Fügen Sie das erste Tag hinzu!

MARC

LEADER 00000nbm a2200000 4500
001 0192549
005 20240502073230.4
041 0 |a slo 
044 |a SK 
245 1 0 |a Vplyv vybraných foriem podpory podnikania na výsledky činnosti malých a stredných podnikov v SR  |b dizertačná práca  |c Michaela Kinčáková ; školiteľ: Elena Šúbertová 
264 1 |a Bratislava  |c 2014 
300 |a 158 s. 
610 2 0 |a podnikanie 
610 2 0 |a formy podnikov 
610 2 0 |a podnik malý 
610 2 0 |a podnik stredný 
610 2 0 |a Slovensko 
100 1 |a Kinčáková, Michaela 
700 1 |a Šúbertová, Elena 
710 2 |a Fakulta podnikového manažmentu EU. Katedra podnikovohospodárska